[Event "FIDE World Uni Rapid-E 1st"]
[Site "Tornelo INT"]
[Date "2021.03.21"]
[Round "9"]
[White "Bahamondes Cepeda, Jose Patricio"]
[Black "Yim, Sung Ho"]
[Result "0-1"]
[WhiteElo "1893"]
[BlackElo "2281"]
[PlyCount "136"]
[EventDate "2021.03.20"]
[EventType "swiss (rapid)"]
[EventRounds "12"]
[EventCountry "NET"]
[SourceTitle "EXT 2022"]
[Source "ChessBase"]
[SourceDate "2021.10.06"]
[SourceVersion "1"]
[SourceVersionDate "2021.10.06"]
[SourceQuality "1"]

1. d4 g6 2. c4 Bg7 3. Nc3 c5 4. d5 Bxc3+ 5. bxc3 f5 6. Nf3 Qa5 7. Qc2 Nf6 8. Bf4 d6 9. e3 Nbd7 10. Bd3 Nb6 11. 0-0 Bd7 12. Rac1 0-0-0 13. Ng5 Rde8 14. Rfe1 Nh5 15. h3 Ref8 16. Bh2 h6 17. Ne6 Bxe6 18. dxe6 Ng7 19. e4 fxe4 20. Rxe4 Rf6 21. Rce1 Rhf8 22. f3 Na8 23. R4e2 g5 24. Be4 Nc7 25. Bd5 Qa6 26. Qd3 Nxd5 27. Qxd5 Kc7 28. Qd3 Qc6 29. Qd5 Rf5 30. Qxc6+ Kxc6 31. Kf2 Rb8 32. Bg3 Rff8 33. h4 g4 34. Re4 gxf3 35. gxf3 Nh5 36. Rg4 Rf6 37. Bh2 Rbf8 38. Re3 Rf5 39. Rg6 Nf6 40. Ke2 Rg8 41. Rxg8 Nxg8 42. Re4 Nf6 43. Re3 Rh5 44. Bg3 Rf5 45. Rd3 Nh5 46. Kf2 Rf6 47. Re3 Ng7 48. Re4 Nxe6 49. Rg4 Kd7 50. Rg8 Nd8 51. Ke3 Nc6 52. Bf4 Na5 53. Bh2 Nxc4+ 54. Kd3 Nb6 55. f4 Nd5 56. Ra8 a6 57. Rb8 Kc7 58. Re8 Kd7 59. Rb8 b5 60. Rh8 Ke6 61. Ra8 Nxf4+ 62. Bxf4 Rxf4 63. Rxa6 Rxh4 64. Rb6 Ra4 65. Rxb5 Rxa2 66. Rb8 Rh2 67. Rg8 h5 68. Kc4 h4 0-1

[Event "FIDE World Uni Rapid-E 1st"]
[Site "Tornelo INT"]
[Date "2021.03.21"]
[Round "8"]
[White "Carvajal Diaz, Alejandro Alfonso"]
[Black "Bahamondes Cepeda, Jose Patricio"]
[Result "0-1"]
[WhiteElo "1363"]
[BlackElo "1893"]
[PlyCount "66"]
[EventDate "2021.03.20"]
[EventType "swiss (rapid)"]
[EventRounds "12"]
[EventCountry "NET"]
[SourceTitle "EXT 2022"]
[Source "ChessBase"]
[SourceDate "2021.10.06"]
[SourceVersion "1"]
[SourceVersionDate "2021.10.06"]
[SourceQuality "1"]

1. f4 f5 2. Nf3 Nf6 3. e3 g6 4. d4 Bg7 5. c4 e6 6. Nc3 0-0 7. Bd3 b6 8. 0-0 Bb7 9. a3 a5 10. Bd2 d6 11. Qb3 Qe7 12. Rae1 Ne4 13. Qc2 Nxd2 14. Qxd2 Nd7 15. Qc2 Nf6 16. h3 h6 17. b3 d5 18. Nh4 Kf7 19. cxd5 Nxd5 20. Nxd5 exd5 21. Rf3 Qxh4 22. Ref1 Rac8 23. b4 axb4 24. axb4 Qe7 25. Qb3 Kg8 26. Rg3 Kh7 27. Qc2 c5 28. bxc5 bxc5 29. dxc5 Rxc5 30. Qe2 Rc6 31. Rgf3 Re6 32. Re1 d4 33. Rf2 Rxe3 0-1

[Event "FIDE World Uni Rapid-E 1st"]
[Site "Tornelo INT"]
[Date "2021.03.20"]
[Round "3"]
[White "Parwekar, Anvay"]
[Black "Bahamondes Cepeda, Jose Patricio"]
[Result "0-1"]
[WhiteElo "1052"]
[BlackElo "1893"]
[PlyCount "62"]
[EventDate "2021.03.20"]
[EventType "swiss (rapid)"]
[EventRounds "12"]
[EventCountry "NET"]
[SourceTitle "EXT 2022"]
[Source "ChessBase"]
[SourceDate "2021.10.06"]
[SourceVersion "1"]
[SourceVersionDate "2021.10.06"]
[SourceQuality "1"]

1. e4 e5 2. f4 d5 3. exd5 exf4 4. Nf3 Nf6 5. Nc3 Nxd5 6. Bc4 Be6 7. Qe2 Be7 8. Bb3 0-0 9. 0-0 c5 10. d3 Nc6 11. Nxd5 Bxd5 12. Bxf4 Re8 13. Qf2 b6 14. Ba4 Rc8 15. Qg3 Bxf3 16. Qxf3 Qd4+ 17. Be3 Qxa4 18. Qxf7+ Kh8 19. b3 Qg4 20. Rf4 Qg6 21. Qc4 Bf6 22. Re1 Bd4 23. Rf3 Bxe3+ 24. Rfxe3 Rxe3 25. Rxe3 Re8 26. Qf4 h6 27. Rg3 Qe6 28. h3 Nd4 29. Qc7 Ne2+ 30. Kh2 Nxg3 31. Kxg3 Qe5+ 0-1

[Event "FIDE World Uni Blitz-A 1st"]
[Site "Tornelo INT"]
[Date "2021.03.13"]
[Round "7.23"]
[White "Jaferian, Koosha"]
[Black "Bahamondes Cepeda, Jose Patricio"]
[Result "1-0"]
[WhiteElo "2163"]
[BlackElo "1893"]
[PlyCount "79"]
[EventDate "2021.03.13"]
[EventType "swiss (blitz)"]
[EventRounds "10"]
[EventCountry "NET"]
[SourceTitle "EXT 2022"]
[Source "ChessBase"]
[SourceDate "2021.10.06"]
[SourceVersion "1"]
[SourceVersionDate "2021.10.06"]
[SourceQuality "1"]

1. Nf3 d5 2. b3 Nf6 3. Bb2 Bf5 4. g3 e6 5. Bg2 Be7 6. 0-0 0-0 7. d3 c5 8. Nbd2 Nc6 9. e3 Rc8 10. Qe2 Re8 11. Ne1 h6 12. f4 Qb6 13. h3 Bh7 14. Kh2 Qc7 15. Nef3 Rcd8 16. Ne5 Nd7 17. Nxc6 bxc6 18. e4 Bf6 19. Bxf6 Nxf6 20. Rae1 a5 21. a4 Kh8 22. e5 Nd7 23. Nf3 Rf8 24. Nh4 Rde8 25. Qd2 Qd8 26. Nf3 Nb8 27. Re2 Na6 28. Rfe1 Qb6 29. g4 Qb4 30. Qe3 c4 31. bxc4 dxc4 32. Nd4 cxd3 33. cxd3 Qxa4 34. Bxc6 Qb4 35. Bxe8 Rxe8 36. Nc6 Qb7 37. Nxa5 Qc7 38. Nc4 Rd8 39. Nd6 Nc5 40. Rc1 1-0

[Event "Osorno U2200 op"]
[Site "Osorno"]
[Date "2018.05.06"]
[Round "5.1"]
[White "Bahamondes Cepeda, Jose Patricio"]
[Black "Ricouz Ricouz, Patricio"]
[Result "1/2-1/2"]
[WhiteElo "1782"]
[BlackElo "1830"]
[PlyCount "77"]
[EventDate "2018.05.05"]
[EventType "swiss"]
[EventRounds "6"]
[EventCountry "CHI"]
[SourceTitle "EXT 2024"]
[Source "ChessBase"]
[SourceDate "2023.10.10"]
[SourceVersion "1"]
[SourceVersionDate "2023.10.10"]
[SourceQuality "1"]

1. d4 f5 2. Nf3 Nf6 3. Bf4 e6 4. e3 d5 5. Bd3 Bd6 6. 0-0 0-0 7. c4 c6 8. Nbd2 Bxf4 9. exf4 Ne4 10. Re1 Qc7 11. Ne5 Nd7 12. c5 b6 13. b4 b5 14. Nb3 Nxe5 15. fxe5 Ng5 16. Qh5 Nf7 17. Re3 Nh8 18. Rh3 g6 19. Qh4 Rf7 20. f4 Rg7 21. Na5 Bd7 22. Rf1 Rf8 23. Rff3 Nf7 24. Qe1 g5 25. Rhg3 g4 26. Rf1 Nd8 27. Bc2 Nb7 28. Ra3 Nxa5 29. Rxa5 Bc8 30. Qh4 Qe7 31. Qxe7 Rxe7 32. Rb1 a6 33. a4 Rc7 34. Ra1 Bb7 35. Bd3 Rb8 36. axb5 cxb5 37. Kf2 Rc6 38. h3 gxh3 39. gxh3 1/2-1/2

[Event "Osorno U2200 op"]
[Site "Osorno"]
[Date "2018.05.05"]
[Round "3.2"]
[White "Bahamondes Cepeda, Jose Patricio"]
[Black "Bielefeldt, German"]
[Result "1-0"]
[WhiteElo "1782"]
[BlackElo "1948"]
[PlyCount "59"]
[EventDate "2018.05.05"]
[EventType "swiss"]
[EventRounds "6"]
[EventCountry "CHI"]
[SourceTitle "EXT 2024"]
[Source "ChessBase"]
[SourceDate "2023.10.10"]
[SourceVersion "1"]
[SourceVersionDate "2023.10.10"]
[SourceQuality "1"]

1. d4 Nf6 2. Nf3 e6 3. Bf4 c5 4. e3 Qb6 5. Nc3 Nc6 6. a3 Nh5 7. Bg3 cxd4 8. exd4 d5 9. Be2 Be7 10. 0-0 Nxg3 11. hxg3 Bf6 12. Na4 Qc7 13. Rc1 0-0 14. Re1 b6 15. b3 Bd7 16. c4 dxc4 17. Bxc4 Qd6 18. d5 Na5 19. dxe6 Nxc4 20. exd7 Qxd1 21. Rexd1 Nxa3 22. Nd4 Bxd4 23. Rxd4 Rfd8 24. Nc3 b5 25. Nd5 Kf8 26. Nb4 Ke7 27. Nc6+ Kf6 28. Nxd8 Rxd8 29. Rd3 Ke7 30. Re1+ 1-0